Statistics for Chuck Berry Charting Songs (Billboard Hot 100)

Click here to take the quiz!

General Stats

  • This quiz has been taken 8 times
  • The average score is 2 of 21

Answer Stats

AlbumWeeks OnPeakSong% Correct
Chuck Berry Is on Top1 Week#80Johnny B. Goode
75%
The London Chuck Berry Sessions17 Weeks#1 (2 Weeks)My Ding-a-Ling
50%
St. Louis to Liverpool11 Weeks#10No Particular Place to Go
25%
Non-Album Single22 Weeks#10Run Rudolph Run
25%
Non-Album Single8 Weeks#37Back in the U.S.A.
13%
Rockin' at the Hops8 Weeks#64Let It Rock
13%
St. Louis to Liverpool7 Weeks#41Promised Land
13%
Chuck Berry Is on Top13 Weeks#32Almost Grown
0%
Chuck Berry Is on Top5 Weeks#60Anthony Boy
0%
Non-Album Single1 Week#81Beautiful Delilah
0%
Chuck Berry Is on Top10 Weeks#18Carol
0%
Chuck Berry in London4 Weeks#95Dear Dad
0%
Chuck Berry Is on Top5 Weeks#83Joe Joe Gunne
0%
St. Louis to Liverpool6 Weeks#54Little Marie
0%
Chuck Berry Is on Top4 Weeks#80Little Queenie
0%
St. Louis to Liverpool3 Weeks#71Merry Christmas Baby
0%
Non-Album Single10 Weeks#23Nadine (Is It You?)
0%
The London Chuck Berry Sessions13 Weeks#27Reelin' & Rockin'
0%
Chuck Berry Is on Top9 Weeks#47Sweet Little Rock and Roller
0%
Rockin' at the Hops6 Weeks#42Too Pooped to Pop
0%
St. Louis to Liverpool9 Weeks#14You Can Never Tell
0%

Score Distribution

Percentile by Number Answered

Percent of People with Each Score

Your Score History

You have not taken this quiz